000 00466nam a22001577a 4500
008 170929b xxu||||| |||| 00| 0 eng d
020 _a0-534-50046-3
082 _21998
_aDC 516.24
_bC66
100 _922791
_aCohen, David
245 _aTrigonometry/
_cDavid Cohen
260 _aBoston:
_bBrooks/Cole Publishing Company,
_c©1998.
300 _axii, 397 pages:
_billustrations;
_c25 cm.
500 _aIncludes index.
650 0 _922792
_aTrigonometry
942 _2ddc
_cDC
999 _c7516
_d7516